000 00345nam a2200133Ia 4500
008 240624s9999 xx 000 0 und d
041 _aeng
082 _a362.11068 GRA
100 _aGRABAN MARK
245 _aLEAN HOSPITALS IMPROVING QUALITY PATIENT
260 _c2008
_aBoca Raton
_bProductivity Press
300 _a280 : p.
365 _cBPS
_b30
999 _c14369
_d14369